Gestión de la tecnología en la empresa

Guardat en:
Dades bibliogràfiques
Autors principals: Majluf Sapag, Nicolás Sergio (autor), Marcovitch, Jacques (Autor)
Autor corporatiu: CINDA (Autor)
Format: Llibre
Idioma:espanyol
Publicat: Santiago CINDA 1989
Col·lecció:Serie Manuales I-D, 2
Matèries:
Etiquetes: Afegir etiqueta
Sense etiquetes, Sigues el primer a etiquetar aquest registre!

MARC

LEADER 00000cam a2200000 a 4500
001 UCV3765
003 CL-VaPUC
008 911024e19890000CL |||||||||||||||||spa|d
082 0 4 |a 602  |b MAJ  |2 21 
100 |a Majluf Sapag, Nicolás Sergio  |e autor  |9 525229 
700 0 |a Marcovitch, Jacques  |e author  |9 298098 
110 2 |a CINDA  |e author  |9 298099 
245 1 0 |a Gestión de la tecnología en la empresa 
300 |a 128 p 
942 |c BK 
945 |d 19911024 00:00:00 
260 |a Santiago  |b CINDA  |c 1989 
650 0 |a Tecnología  |9 256742 
650 0 |a Empresas   |9 255569 
650 7 |a INNOVACIONES TECNOLOGICAS  |2 CL-VaPUC  |9 298100 
583 |a last modification  |c 20120117 11:17:24  |k Rodrigo Vera 
490 0 |a Serie Manuales I-D, 2 
999 |c 210895  |d 210893 
952 |0 0  |1 0  |4 0  |6 602_000000000000000_MAJ_1989  |7 0  |8 A  |9 187908  |a BIBALI  |b BIBALI  |c GEN  |d 2019-11-14  |i 2553961  |o 602 MAJ 1989  |p 2553961  |r 2025-01-20  |w 2019-11-14  |y BK  |k ALI 
952 |0 0  |1 0  |4 0  |6 602_000000000000000_MAJ_1989  |7 0  |8 ED_SUP  |9 187909  |a BIBGIM  |b BIBGIM  |c S_PSTGRDO  |d 2019-11-14  |i 483643K  |o 602 MAJ 1989  |p 483643K  |r 2025-01-15  |w 2019-11-14  |y BK_X  |k ESU